من بعد آدم / (Record no. 56280)

MARC details
000 -LEADER
fixed length control field 00480nam a22001697a 4500
005 - DATE AND TIME OF LATEST TRANSACTION
control field 20251108171103.0
008 - FIXED-LENGTH DATA ELEMENTS--GENERAL INFORMATION
fixed length control field 250721s1982 xx 000 0 ara d
082 14 - DEWEY DECIMAL CLASSIFICATION NUMBER
Classification number ط/214.2/حام
100 1# - MAIN ENTRY--PERSONAL NAME
Personal name عوض الله، حامد
245 10 - TITLE STATEMENT
Title من بعد آدم /
264 1# - PRODUCTION, PUBLICATION, DISTRIBUTION, MANUFACTURE, AND COPYRIGHT NOTICE
Place of production, publication, distribution, manufacture بيروت :
Name of producer, publisher, distributor, manufacturer دار ومكتبة الهلال،
Date of production, publication, distribution, manufacture, or copyright notice 1982.
300 ## - PHYSICAL DESCRIPTION
Extent 85ص
490 0# - SERIES STATEMENT
Series statement من وحي القرآن الحكيم ، 3
650 17 - SUBJECT ADDED ENTRY--TOPICAL TERM
Topical term or geographic name as entry element النبوات
942 ## - ADDED ENTRY ELEMENTS (KOHA)
Source of classification or shelving scheme Dewey Decimal Classification
Koha item type Books
Holdings
حالة السحب حالة الفقدان مصدر التصنيف حالة التلف غير قابل للإعارة المكتبة الرئيسية المكتبة الحالية موقع الرف تاريخ التزويد الرقم المتسلسل Total Checkouts رقم الإستدعاء الباركود تاريخ آخر ظهور تاريخ الفاتورة نوع المادة (كوها)
    Dewey Decimal Classification     مكتبة قتيبة للأطفال مكتبة قتيبة للأطفال الأطفال 27/10/2017 1665435   ط/214.2/حام PLD00407971 28/07/2025 27/10/2017 Books
Implemented & Customized by: BBB with SCIT (Smart Chains for Information Technology)

Powered by Koha